000 01241pam a2200325 a 4500
001 1650
005 20231123102016.0
020 _a9780439792387
040 _aDLC
_cDLC
_dDLC
_beng
050 0 0 _aE185.97.K5
_bM346 1992
082 0 0 _a323.092
_aB
_220
100 1 _aMattern, Joanne
_d1963-
245 1 0 _aYoung Martin Luther King, Jr. :
_b"I have a dream" /
_cby Joanne Mattern ; illustrated by Allan Eitzen.
250 _aFirst Scholastic printing, January 2006
260 _aNew York :
_bScholastic,
_c1992
300 _a31 pages :
_bcolor illustrations :
_c24 cm
490 _aFirst-Start Biography
505 _aO
520 _aA simple biography of a great black leader emphasizing his dream of equal treatment for all Americans.
521 _a600
_bLexile
521 _aO
_bRaz-Plus
650 0 _aAfrican Americans
_vBiography
_vJuvenile literature.
650 0 _aCivil rights workers
_zUnited States
_vBiography
_vJuvenile literature.
650 0 _aBaptists
_zUnited States
_xClergy
_vBiography
_vJuvenile literature.
650 1 _aAfrican Americans
_vBiography.
650 1 _aCivil rights workers.
700 1 _aEitzen, Allan
_eillustrator
906 _a7
_bcbc
_corignew
_d1
_eocip
_f19
_gy-gencatlg
942 _2ddc
_cBK
_n0
999 _c1650
_d1650